Online Catalogue and eLibrary

diriya mawak : (Record no. 5201)

MARC details
000 -LEADER
fixed length control field 00377nam a2200145Ia 4500
005 - DATE AND TIME OF LATEST TRANSACTION
control field 20250305014029.0
008 - FIXED-LENGTH DATA ELEMENTS--GENERAL INFORMATION
fixed length control field 240331s9999 xx 000 0 und d
020 ## - INTERNATIONAL STANDARD BOOK NUMBER
ISBN 9552080711
082 ## - DDC Classification
Item Number - Author Mark EME
Class No. 808
100 ## - MAIN ENTRY--PERSONAL NAME
Personal name Emecheta,B
245 #0 - TITLE STATEMENT
Title diriya mawak :
Remainder of title the joy of motherhood
260 ## - PUBLICATION, DISTRIBUTION, ETC.
Place of publication, distribution, etc. Colombo
Name of publisher, distributor, etc. Gotage & Brothers
Date of publication, distribution, etc. 2006
500 ## - GENERAL NOTE
General note Base of Young Women story
942 ## - Koha item type (Biblio)
Koha item type Books in Stacks (Lending)
Holdings
Lost status Damaged status Collection code Home library Current library Shelving location Date acquired Full call number Accession Number Item type
    Lending WERC Library WERC Library Social Science Cupboard 03/31/2024 808.48 EME 6030 Books in Stacks (Lending)

© WERC Library